Coastal oceanography and climatology news.

Bibliographic Details
Corporate Author: University of Rhode Island. Center for Ocean Management Studies
Format: Journal
Language:English
Published: Kingston : University of Rhode Island, Center for Ocean Management Studies.
Subjects:

MARC

Tag First Indicator Second Indicator Subfields
LEADER 00000cas a2200000 4500
001 in00000668521
005 20151015080834.0
008 790427d19781982riuqr p s0uuua0eng d
010 |a sn 82021520  
035 |a (OCoLC)04901818 
035 |9 ACX6965AM 
040 |a OLA  |c OLA  |d m.c.  |d FUG  |d NST  |d TXA  |d UtOrBLW 
042 |a nst 
043 |a n-us--- 
049 |a TXAE 
090 |a GC1  |b .C6 
222 0 |a Coastal oceanography and climatology news 
245 0 0 |a Coastal oceanography and climatology news. 
264 1 |a Kingston :  |b University of Rhode Island, Center for Ocean Management Studies. 
300 |a 5 volumes :  |b illustrations ;  |c 28 cm. 
310 |a Quarterly 
336 |a text  |b txt  |2 rdacontent 
337 |a unmediated  |b n  |2 rdamedia 
338 |a volume  |b nc  |2 rdacarrier 
362 0 |a  v. 1-5 ; fall 1978-1982. 
500 |a "Recent events in United States coastal waters." 
650 0 |a Oceanography  |z United States  |x Periodicals. 
650 0 |a Marine meteorology  |z United States  |x Periodicals. 
650 0 |a Marine biology  |z United States  |x Periodicals. 
710 2 |a University of Rhode Island.  |b Center for Ocean Management Studies. 
999 |a MARS 
999 f f |s 471a5a5f-63fc-3d30-982d-c2a6274ab088  |i 201cf0aa-5c07-3ddd-b996-de12fd3866ff  |t 0 
952 f f |p ric  |a Texas A&M University  |b Rellis Campus  |c Joint Library Facility  |d Remote Storage  |t 0  |e GC1 .C6  |h Library of Congress classification  |i unmediated -- volume  |k v.2 -v.5  |l 1979/1980-1982/1983  |m A14813820563 
998 f f |a GC1 .C6  |s v.2 (1979/1980)-v.5 (1982/1983)  |t 0  |l Remote Storage